A-Z: Answers containing "Mali" - Statistics

General Stats
  • This quiz has been taken 4 times
  • The average score is 10 of 26
Answer Stats
Initial Clue Answer % Correct
A Bestial, in the manner of a wild creature (11 letters) Animalistic
75%
D The replacement of the imperial system with a base-10 one (14) Decimalization
75%
F Put in writing, make official (9) Formalise
75%
M Sparse, stripped-down; having a less-is-more attitude(10) Minimalist
75%
N Benign, not cancerous (12) Nonmalignant
75%
P Not yet cancerous but on the road towards it (12) Premalignant
75%
S Desert-covered African nation (7) Somalia
75%
U Not intending to cause harm (11) Unmalicious
75%
I Unofficial, casual, easy-going style in which rules are relaxed (11) Informality
50%
Y Siberian region, officially called the The Yamalo-Nenets Autonomous Okrug (7) Yamalia
50%
Z Shop in Amsterdam, selling a range of cannabis products (7) Zamalia
50%
B Fossilized material from the digestive system of organisms, a term with a brotherly beginning, initially to end (9) Bromalite
25%
C Each toilet alarm is faulty in this town of the US Virgin Islands (15) Charlotte Amalie
25%
E Relating to the outer layer of the skin (9) Epidermal
25%
G Lead-based mineral discovered by oil magnate (10) Ganomalite
25%
H Latin-sounding genus of plants (8) Homalium
25%
K A minor city in Punjab, Pakistan (7) Kamalia
25%
L The state of being a logarithmic function with a normal distribution; the word suggests a piece of tree trunk in standard condition (12) Lognormality
25%
O The technique of making a set of vectors easier to work with, from the prefix used for a dental specialist, and a word meaning "making standard" (18) Orthonormalization
25%
R A lichen whose type is not applicable (8) Ramalina
25%
T Take a mineral out of the ground and turn it into a gemstone (10) Tourmaline
25%
W Tunisian town named after a dry river valley (9) Wadi Maliz
25%
J In Manila, Jay and I are involved with Indian actress (10) Jayamalini
0%
Q Japanese pop group who you wish would go away (12) Qumali Depart
0%
V Avoid oval flea maniac, going around Portuguese town with a new house where the family's cattle may be heard (19) Vila Nova de Famalicão
0%
X Rural road at the edge of Jiangsu province, China (10) Xumali Road
0%
No matching quizzes found
Score Distribution
Percent of People with Each Score
Percentile by Number Answered
Your Score History
You have not taken this quiz